Music Quiz

Random Music or Artist Quiz

4 Decades of Music Hits IV Quiz Stats

 Plays Quiz Updated Jul 18, 2019

Support Sporcle.
Go Orange.
Score 0/24 Timer 04:00
0 Plays Today
Question Answer Wrong Answers
Fly Me to the Moon
- Frank Sinatra -
1960s
92.3%
1970s
3.6%
1980s
0.6%
1990s
0.2%
Twist and Shout
- The Beatles -
1960s
92.1%
1970s
4%
1980s
0.6%
1990s
0.1%
I'll Be Missing You
- Puff Daddy and Faith Evans feat. 112 -
1990s
89.6%
1960s
1.1%
1970s
1.4%
1980s
4.5%
Like a Virgin
- Madonna -
1980s
89.4%
1960s
0.4%
1970s
2.4%
1990s
4.5%
All Eyez on Me
- Tupac feat. Big Syke -
1990s
89.3%
1960s
0.5%
1970s
0.7%
1980s
6.2%
Wake Me Up Before You Go-Go
- Wham! -
1980s
88.4%
1960s
1.1%
1970s
4%
1990s
3.2%
Gangsta's Paradise
- Coolio -
1990s
85.3%
1960s
0.5%
1970s
1.1%
1980s
9.8%
Scar Tissue
- Red Hot Chili Peppers -
1990s
83.8%
1960s
0.5%
1970s
1.3%
1980s
11.2%
Livin' La Vida Loca
- Ricky Martin -
1990s
83.6%
1960s
1%
1970s
1.5%
1980s
10.7%
Be My Baby
- Ronettes -
1960s
81.3%
1970s
8.9%
1980s
5.2%
1990s
1.2%
Sweet Home Alabama
- Lynyrd Skynyrd -
1970s
79.4%
1960s
5.1%
1980s
10.1%
1990s
2.2%
Heaven Is a Place on Earth
- Belinda Carlisle -
1980s
79.3%
1960s
3.1%
1970s
6.7%
1990s
7.5%
No Milk Today
- Herman's Hermits -
1960s
78.8%
1970s
10.9%
1980s
4.5%
1990s
2.2%
West End Girls
- Pet Shop Boys -
1980s
74.1%
1960s
5.1%
1970s
5.6%
1990s
11.8%
Born in the U.S.A.
- Bruce Springsteen -
1980s
74%
1960s
1.3%
1970s
19.8%
1990s
1.7%
Dust in the Wind
- Kansas -
1970s
73.5%
1960s
5.9%
1980s
14.9%
1990s
2.3%
Imagine
- John Lennon -
1970s
70.9%
1960s
11.7%
1980s
13.6%
1990s
0.7%
American Pie
- Don McLean -
1970s
69.9%
1960s
20.4%
1980s
4.8%
1990s
1.7%
Bette Davis Eyes
- Kim Carnes -
1980s
68.9%
1960s
8.3%
1970s
16.2%
1990s
3.2%
Piece of My Heart
- Janis Joplin -
1960s
60%
1970s
30.5%
1980s
5.2%
1990s
0.9%
My Generation
- The Who -
1960s
56.7%
1970s
34.7%
1980s
4.3%
1990s
0.9%
Lean on Me
- Bill Withers -
1970s
49.4%
1960s
38.4%
1980s
7.9%
1990s
1%
Nothing Else Matters
- Metallica -
1990s
49%
1960s
0.4%
1970s
6%
1980s
41.3%
TNT
- AC/DC -
1970s
42.7%
1960s
0.8%
1980s
47.3%
1990s
5.9%

You're not logged in!

Compare scores with friends on all Sporcle quizzes.
OR
Log In

From the Vault

TV Character Blitz

by Thebiguglyalien

This quiz is kind of like watching 16 shows all at one...on fast forward.
Remove Ads.
Support Sporcle.
Get the best of Sporcle when you Go Orange. This ad-free experience offers more features, more stats, and more fun while also helping to support Sporcle. Thank you for becoming a member.

Show Comments

Extras

Top Quizzes Today


Score Distribution

Your Account Isn't Verified!

In order to create a playlist on Sporcle, you need to verify the email address you used during registration. Go to your Sporcle Settings to finish the process.

Report this User

Report this user for behavior that violates our Community Guidelines.

Details: